| 000 | 00958nam a22002537a 4500 | ||
|---|---|---|---|
| 005 | 20150915123623.0 | ||
| 010 | _aENG-113910 | ||
| 020 |
_a9788121512404 _c895.00 |
||
| 035 | _aEN-97442 | ||
| 037 | _bDBAD/PUB | ||
| 082 | _a704.0882970954 | ||
| 100 | _aDadi,Iftikhar | ||
| 245 |
_aModernism and the art of Muslim South Asia / _cby Iftikhar Dadi |
||
| 260 |
_aNew Delhi _bMunshiram Manoharlal Publishers _c2012 |
||
| 270 |
_aPO Box 5715, 54 Rani Jhansi Road, _bNew Delhi _e110055 |
||
| 300 |
_a xiv, 312 p., [24] p. of plates : _c25cm(Hb) _bill.(some col.) |
||
| 500 | _a Includes bibliographical references and index. | ||
| 650 |
_a Art, South Asian _y20th century. |
||
| 650 |
_a Islamic art _zSouth Asia. |
||
| 650 |
_a Modernism (Aesthetics) _zSouth Asia _x History _y20th century. |
||
| 650 | _a Transnationalism. | ||
| 650 |
_a Art and society _zSouth Asia _xHistory _y20th century. |
||
| 942 |
_2ddc _cEN _mDAD _h704.0882970954 |
||
| 999 |
_c96481 _d96481 |
||